| 000 | 00891nam a2200205 a 4500 | ||
|---|---|---|---|
| 008 | 060316s2002 ||||||||||||||||| || u | ||
| 020 | _a0240805453 | ||
| 050 | _aTK 7881.4 Kat | ||
| 100 | _aKatz, Bob | ||
| 245 | 1 | 0 | _aMastering audio : the art and the science |
| 260 |
_aOxford _bFocal Press _c2002 |
||
| 300 | _a319 p. : ill. | ||
| 350 | _a0.00 | ||
| 650 | _aSOUND - RECORDING AND REPRODUCING | ||
| 650 | _aSOUND - RECORDING AND REPRODUCING - DIGITAL TECHNIQUES | ||
| 700 | _aKatz, Robert A | ||
| 856 | _uhttp://www.loc.gov/catdir/toc/els031/2003266240.html | ||
| 995 |
_aMAIN LIBRARY OPEN ACCESS _D0.00 _e735474 _FCBU-MAIN LIBRARY (Kitwe) _H1 _I27.50 _jTK 7881.4 Kat _M1 _UAVAILABLE _y40472 _ZMain Library Open Access Collection |
||
| 995 |
_aMAIN LIBRARY OPEN ACCESS _D0.00 _e735475 _FCBU-MAIN LIBRARY (Kitwe) _H2 _I27.50 _jTK 7881.4 Kat _M2 _UAVAILABLE _y40474 _ZMain Library Open Access Collection |
||
| 999 |
_c82697 _d82697 |
||